000 00553nam a22002417a 4500
003 UA-OsUOA
001 26433
007 ta
008 20040601b un ||||| |||| 00| 0 ukr d
100 _aШиряев А.Н.
090 _a519.12
_bШ64
942 _cBK
040 _aUA-OsUOA
_brus
_cUA-OsUOA
_dUA-OsUOA
245 _aВероятность
300 _a576 с.
_bІлюстрації
955 _a0
041 _arus
080 _a519.12
260 _aМосква
_bНаука
_c1980
044 _aRU
650 7 _2UDC
999 _c312756
_d312756